Logo BPK

Bibliografia Prac Pracowników

Politechniki Koszalińskiej

Opinia geotechniczna o przydatności dna wykopu na Osiedlu Przylecie VII J w Koszalinie do posadowienia budynku Przedszkola Nr 9 / (Rekord nr 2259)

Szczegóły MARC
000 -ETYKIETA REKORDU
podpole kontrolne o stałej długości 01317nam a2200241 i 4500
001 - NUMER KONTROLNY REKORDU
podpole kontrolne BPP
003 - IDENTYFIKATOR NUMERU KONTROLNEGO REKORDU
podpole kontrolne KOSZ 005
005 - DATA OSTATNIEJ MODYFIKACJI REKORDU
podpole kontrolne 20171116093153.0
008 - POLE O STAŁEJ DŁUGOŚCI - DANE KONTROLNE
podpole kontrolne o stałej długości 150312s1988 pl f |000 0 pol
040 ## - ŹRÓDŁO KATALOGOWANIA
Instytucja, która utworzyła rekord BPK
080 ## - UNIWERSALNA KLASYFIKACJA DZIESIĘTNA - UKD
UKD 624.131
080 ## - UNIWERSALNA KLASYFIKACJA DZIESIĘTNA - UKD
UKD 624.15
100 ## - NAZWA OSOBOWA
Nazwa osobowa HAURYŁKIEWICZ, Janusz.
Lata pracy 1982 - 1996.
Instytucja Wyższa Szkoła Inżynierska w Koszalinie - Wydział Inżynierii Lądowej i Sanitarnej,
Wydział Zakład Geotechniki
245 ## - TYTUŁ/ODPOWIEDZIALNOŚĆ
Tytuł Opinia geotechniczna o przydatności dna wykopu na Osiedlu Przylecie VII J w Koszalinie do posadowienia budynku Przedszkola Nr 9 /
Pozostałe elementy strefy tytułu i oznaczenia odpowiedzialności Janusz Hauryłkiewicz, Tadeusz Nitecki.
260 ## - STREFA ADRESU WYDAWNICZEGO
Miejsce wydania Koszalin,
Data publikacji, dystrybucji/powstania dokumentu 1988.
500 ## - UWAGI OGÓLNE
Tekst uwagi Dane z autopsji.
520 ## - UWAGA DOTYCZĄCA TREŚCI DOKUMENTU
Analiza dokumentacyjna, adnotacja itp. Celem opinii było ustalenie stopnia przydatności odsłoniętego dna wykopu pod część Przedszkola Nr 9 do rozpoczęcia prac fundamentowych. Dokumentacja geotechniczna opracowana przez Geoprojekt w Koszalinie stwierdziła występowanie w tej części podłoża gruntów o małej nośności : spoistych miękoplastycznych i namułów.
650 #0 - HASŁO PRZEDMIOTOWE W FORMIE NAZWY OGÓLNEJ LUB JEDNOSTKOWEJ
Nazwa ogólna lub geograficzna Geologia inżynierska.
650 #0 - HASŁO PRZEDMIOTOWE W FORMIE NAZWY OGÓLNEJ LUB JEDNOSTKOWEJ
Nazwa ogólna lub geograficzna Mechanika gruntów.
650 #0 - HASŁO PRZEDMIOTOWE W FORMIE NAZWY OGÓLNEJ LUB JEDNOSTKOWEJ
Nazwa ogólna lub geograficzna Fundamenty.
700 ## - HASŁO DODATKOWE - NAZWA OSOBOWA
Nazwa osobowa NITECKI, Tadeusz.
Lata pracy 1980 - 1996.
Instytucja Wyższa Szkoła Inżynierska w Koszalinie - Wydział Inżynierii Lądowej i Sanitarnej,
Wydział Zakład Geotechniki
942 ## - HASŁO DODATKOWE - ELEMENTY(KOHA)
Typ dokumentu Materiały nieopublikowane
Schemat klasyfikacji Uniwersalna klasyfikacja dziesiętna
Egzemplarze
Wycofany Zagubiony Uszkodzony Dostępność Lokalizacja stała Lokalizacja bieżąca Sygnatura Typ dokumentu
      Dostępny Bibliografia Prac Pracowników - BPK Bibliografia Prac Pracowników - BPK NB-264 Materiały nieopublikowane
© 2014 Biblioteka Politechniki Koszalińskiej :: BIBLIOGRAFIA PRAC PRACOWNIKÓW